Unblocking organizational communication (Record no. 3507)
[ view plain ]
| 000 -LEADER | |
|---|---|
| fixed length control field | nam a22 a 4500 |
| 005 - DATE AND TIME OF LATEST TRANSACTION | |
| control field | 20170523100408.0 |
| 008 - FIXED-LENGTH DATA ELEMENTS--GENERAL INFORMATION | |
| fixed length control field | 170523s1987 enka || 001 ||eng d |
| 020 ## - INTERNATIONAL STANDARD BOOK NUMBER | |
| International Standard Book Number | 0566025728 : |
| Terms of availability | £22.50 |
| 040 ## - CATALOGING SOURCE | |
| Original cataloging agency | AKMAL |
| 082 ## - DEWEY DECIMAL CLASSIFICATION NUMBER | |
| Classification number | 658.45 FRA |
| 090 ## - LOCALLY ASSIGNED LC-TYPE CALL NUMBER (OCLC); LOCAL CALL NUMBER (RLIN) | |
| Classification number (OCLC) (R) ; Classification number, CALL (RLIN) (NR) | 658.45 |
| Local cutter number (OCLC) ; Book number/undivided call number, CALL (RLIN) | FRA |
| 100 ## - MAIN ENTRY--PERSONAL NAME | |
| Personal name | Francis, Dave |
| Dates associated with a name | 1941- |
| 9 (RLIN) | 7015 |
| 245 ## - TITLE STATEMENT | |
| Title | Unblocking organizational communication |
| Remainder of title | a companion volume to 50 activities for unblocking organizational communication / |
| Statement of responsibility, etc. | Dave Francis. |
| 260 ## - PUBLICATION, DISTRIBUTION, ETC. | |
| Place of publication, distribution, etc. | Aldershot : |
| Name of publisher, distributor, etc. | Gower, |
| Date of publication, distribution, etc. | c1987. |
| 300 ## - PHYSICAL DESCRIPTION | |
| Extent | [200]p. : |
| Other physical details | ill. ; |
| Dimensions | 22cm. |
| 650 ## - SUBJECT ADDED ENTRY--TOPICAL TERM | |
| Topical term or geographic name entry element | Communication in management. |
| 9 (RLIN) | 2708 |
| 942 ## - ADDED ENTRY ELEMENTS (KOHA) | |
| Source of classification or shelving scheme | |
| Koha item type | Book |
| Withdrawn status | Lost status | Source of classification or shelving scheme | Damaged status | Not for loan | Collection code | Home library | Current library | Shelving location | Date acquired | Inventory number | Total Checkouts | Full call number | Barcode | Date last seen | Price effective from | Koha item type |
|---|---|---|---|---|---|---|---|---|---|---|---|---|---|---|---|---|
| NON-FICTION | AKMAL Melaka | AKMAL Melaka | PINJAMAN | 23.05.2017 | 29858 | 658.45 FRA | 201704542 | 23.05.2017 | 23.05.2017 | Book |
